000 00899nam a2200229 a 4500
001 47427
003 BD-RjUL
005 20211209054318.0
008 160808s2008 bg |||| ||| 000 0 ben d
020 _a9848430333
_c: Tk. 35.00
035 _a(BD-RjUL)47546
040 _aBD-RjUL
_bben
_cBD-RjUL
041 _aben
082 _223
_a332.8
_bRAS 2008
100 1 0 _aরহমান, শাহ মুহাম্মদ হাবীবুর
_9119532
245 1 0 _aসুদ :
_bএক ভয়াবহ অভিশাপ পরিত্রানের উপায় /
_cশাহ মুহাম্মদ হাবীবুর রহমান
260 _aঢাকা :
_bবাংলাদেশ ইসলামিক সেন্টার,
_c২০০৮
300 _a৬৩ পৃ. ;
_c২১ সেমি.
650 _aসুদ
_9144240
650 _aInterest
_9144241
942 _2ddc
_cBK
999 _c47427
_d47427